Microbiology : (Record no. 171162)

MARC details
000 -LEADER
fixed length control field 00629nam a2200193 4500
005 - DATE AND TIME OF LATEST TRANSACTION
control field 20200107165652.0
010 ## - LCCN (DPL NO)
LC control number ENG-127289
020 ## - INTERNATIONAL STANDARD BOOK NUMBER
International Standard Book Number 9789386519085
Terms of availability 315.00
035 ## - SYSTEM CONTROL NUMBER
System control number EN-110821
037 ## - SOURCE OF ACQUISITION
Source of stock number/acquisition DBAD/PUB
082 ## - DEWEY DECIMAL CLASSIFICATION NUMBER
Classification number 579
100 ## - MAIN ENTRY--PERSONAL NAME
Personal name Mani,A
245 ## - TITLE STATEMENT
Title Microbiology :
Statement of responsibility, etc by A.Mani ...[et.,all]
Remainder of title General and Applied /
260 ## - PUBLICATION, DISTRIBUTION, ETC. (IMPRINT)
Place of publication, distribution, etc New Delhi
Name of publisher, distributor, etc Saras Publishers
Date of publication, distribution, etc 2018
270 ## - ADDRESS
Address 114/35GA.R.P Camp Road periavilai,Kottar P.O Nagercoil Kanyakumari Dist
City Tamil Nadu
Postal code 629002
Electronic mail address info@saraspublication.com
300 ## - PHYSICAL DESCRIPTION
Extent XX,526p.
Dimensions 23cm(pbk)
500 ## - GENERAL NOTE
General note include index
942 ## - ADDED ENTRY ELEMENTS (KOHA)
Source of classification or shelving scheme Dewey Decimal Classification
Item type English Books
Classification part 579
Call number suffix MAN
Holdings
Withdrawn status Lost status Not for loan Collection code Home library Current library Date acquired Source of acquisition Cost, normal purchase price Full call number Barcode Copy number Koha item type
      Non-fiction Sarojini Nagar Sarojini Nagar 07/01/2020 DBAD/PUB 315.00 579 MAN EN-110821 1 English Books

© Delhi Public Library
Hit Counter
free hit counter